[Event "Staraya Mayna Sidorov Cup"]
[Site "Staraya Mayna"]
[Date "2018.07.13"]
[Round "6"]
[White "Nikonova, Irina"]
[Black "Belov, Ilya Yu"]
[Result "1-0"]
[WhiteElo "1798"]
[BlackElo "1831"]
[PlyCount "61"]
[EventDate "2018.07.10"]
[EventType "swiss"]
[EventRounds "9"]
[EventCountry "RUS"]
[SourceTitle "EXT 2019"]
[Source "ChessBase"]
[SourceDate "2018.10.10"]
[SourceVersion "1"]
[SourceVersionDate "2018.10.10"]
[SourceQuality "1"]

1. e4 c6 2. d4 d5 3. Nc3 dxe4 4. Nxe4 Nd7 5. Nf3 Ngf6 6. Ng3 Nb6 7. Ne5 e6 8. c3 Be7 9. Bd3 0-0 10. 0-0 c5 11. dxc5 Bxc5 12. Qe2 Qc7 13. Bg5 Be7 14. Rae1 h6 15. Bxf6 Bxf6 16. Qe4 g6 17. f4 Qc5+ 18. Kh1 Qd5 19. Qe2 Nd7 20. Bc4 Qa5 21. Rf3 Bh4 22. Re3 Nf6 23. Rd1 b5 24. b4 Qc7 25. Bb3 Bxg3 26. Rxg3 Kh7 27. Bc2 Rg8 28. h4 Nh5 29. Qxh5 f5 30. Rxg6 Rxg6 31. Qxg6+ 1-0

[Event "Staraya Mayna Sidorov Cup"]
[Site "Staraya Mayna"]
[Date "2018.07.13"]
[Round "7"]
[White "Safin, Danis"]
[Black "Nikonova, Irina"]
[Result "0-1"]
[WhiteElo "1890"]
[BlackElo "1798"]
[PlyCount "62"]
[EventDate "2018.07.10"]
[EventType "swiss"]
[EventRounds "9"]
[EventCountry "RUS"]
[SourceTitle "EXT 2019"]
[Source "ChessBase"]
[SourceDate "2018.10.10"]
[SourceVersion "1"]
[SourceVersionDate "2018.10.10"]
[SourceQuality "1"]

1. e4 e6 2. d4 d5 3. Nc3 Bb4 4. e5 Ne7 5. a3 Bxc3+ 6. bxc3 c5 7. Qg4 Nf5 8. Bd3 h5 9. Qd1 Nc6 10. Nf3 cxd4 11. Bxf5 exf5 12. cxd4 Qc7 13. Bd2 Be6 14. Qe2 Rc8 15. 0-0 Nd8 16. Rac1 Qc4 17. Qe3 Bd7 18. Bb4 Ne6 19. g3 h4 20. c3 Bb5 21. Nxh4 f4 22. Qd2 g6 23. Kg2 Kd7 24. Rfe1 Qc7 25. Qd1 Rh5 26. Qg4 Rch8 27. Rh1 Rg5 28. Qh3 f3+ 29. Kxf3 Bd3 30. Ke3 Qc4 31. Rhd1 Rxe5+ 0-1

[Event "Staraya Mayna Sidorov Cup"]
[Site "Staraya Mayna"]
[Date "2018.07.12"]
[Round "4"]
[White "Abdurahmanov, Afer"]
[Black "Nikonova, Irina"]
[Result "1/2-1/2"]
[WhiteElo "1515"]
[BlackElo "1798"]
[PlyCount "55"]
[EventDate "2018.07.10"]
[EventType "swiss"]
[EventRounds "9"]
[EventCountry "RUS"]
[SourceTitle "EXT 2019"]
[Source "ChessBase"]
[SourceDate "2018.10.10"]
[SourceVersion "1"]
[SourceVersionDate "2018.10.10"]
[SourceQuality "1"]

1. d4 Nf6 2. c3 e6 3. Qc2 b6 4. Bg5 Bb7 5. Nd2 Be7 6. Bxf6 Bxf6 7. e4 d6 8. Bb5+ Nd7 9. Qa4 a6 10. Bxd7+ Qxd7 11. Qxd7+ Kxd7 12. 0-0-0 Rad8 13. f4 Kc8 14. Ngf3 h6 15. Rhe1 Rhe8 16. h4 e5 17. fxe5 dxe5 18. d5 a5 19. g4 g6 20. g5 Bg7 21. gxh6 Bxh6 22. Ng5 Re7 23. Rf1 Rdd7 24. Rf6 Bg7 25. Rf2 Bh6 26. Rf6 Bg7 27. Rf2 Bh6 28. Rf6 1/2-1/2

[Event "Staraya Mayna Sidorov Cup"]
[Site "Staraya Mayna"]
[Date "2018.07.12"]
[Round "5"]
[White "Nikonova, Irina"]
[Black "Mityanin, Mikhail"]
[Result "0-1"]
[WhiteElo "1798"]
[BlackElo "1623"]
[PlyCount "50"]
[EventDate "2018.07.10"]
[EventType "swiss"]
[EventRounds "9"]
[EventCountry "RUS"]
[SourceTitle "EXT 2019"]
[Source "ChessBase"]
[SourceDate "2018.10.10"]
[SourceVersion "1"]
[SourceVersionDate "2018.10.10"]
[SourceQuality "1"]

1. e4 e6 2. d3 d5 3. Nd2 Nf6 4. Ngf3 g6 5. e5 Nfd7 6. Qe2 c5 7. g3 Bg7 8. c3 Nc6 9. d4 0-0 10. Nb3 c4 11. Nbd2 f6 12. Bh3 Re8 13. 0-0 fxe5 14. dxe5 Ndxe5 15. Nxe5 Nxe5 16. f4 Nd3 17. Nf3 e5 18. Bxc8 Rxc8 19. fxe5 Bxe5 20. Nxe5 Rxe5 21. Qg2 Qb6+ 22. Kh1 Rce8 23. Bh6 g5 24. Qh3 Nf2+ 25. Rxf2 Qxf2 0-1

[Event "Staraya Mayna Sidorov Cup"]
[Site "Staraya Mayna"]
[Date "2018.07.10"]
[Round "1"]
[White "Nikonova, Irina"]
[Black "Grishan, Ilya"]
[Result "1-0"]
[WhiteElo "1798"]
[BlackElo "1279"]
[PlyCount "61"]
[EventDate "2018.07.10"]
[EventType "swiss"]
[EventRounds "9"]
[EventCountry "RUS"]
[SourceTitle "EXT 2019"]
[Source "ChessBase"]
[SourceDate "2018.10.10"]
[SourceVersion "1"]
[SourceVersionDate "2018.10.10"]
[SourceQuality "1"]

1. e4 g6 2. d4 Bg7 3. Nf3 d6 4. Bf4 Nd7 5. Nc3 Ngf6 6. Be2 0-0 7. Qd2 Re8 8. Bh6 e5 9. d5 Ng4 10. Bxg7 Kxg7 11. h3 Ngf6 12. Nh2 Nc5 13. Qe3 Rf8 14. b4 Ncd7 15. 0-0 Ng8 16. Qg3 f5 17. exf5 Rxf5 18. Bd3 Rf7 19. Nf3 Ngf6 20. Ng5 Rf8 21. Ne6+ Kg8 22. Nxd8 Rxd8 23. Qg5 Kg7 24. Nb5 c6 25. Nc7 Nb6 26. Nxa8 Nxa8 27. f4 exf4 28. Rxf4 Rf8 29. Raf1 Nd7 30. Qe7+ Kh6 31. Rh4# 1-0

[Event "Uljanovsk Volga op"]
[Site "Uljanovsk"]
[Date "2016.01.09"]
[Round "9"]
[White "Nikonova, Irina"]
[Black "Pakshin, Vladimir"]
[Result "1/2-1/2"]
[WhiteElo "1883"]
[BlackElo "1718"]
[PlyCount "125"]
[EventDate "2016.01.05"]
[EventType "swiss"]
[EventRounds "9"]
[EventCountry "RUS"]
[SourceTitle "CBM 170 Extra"]
[Source "ChessBase"]
[SourceDate "2016.02.25"]
[SourceVersion "1"]
[SourceVersionDate "2016.02.25"]
[SourceQuality "1"]

1. e4 c5 2. Nf3 Nc6 3. d4 cxd4 4. Nxd4 g6 5. Nxc6 bxc6 6. Qd4 Nf6 7. e5 Nh5 8. Be3 Ng7 9. Qd2 Ne6 10. Bc4 Bg7 11. f4 d6 12. Bxe6 Bxe6 13. Bd4 0-0 14. exd6 Bxd4 15. Qxd4 exd6 16. 0-0 Qb6 17. Qxb6 axb6 18. Nc3 Rfd8 19. a3 Bf5 20. Rf2 Re8 21. Rd2 d5 22. Kf2 Kf8 23. Ne2 Re7 24. Nd4 Bd7 25. Re1 Rae8 26. Rde2 c5 27. Nf3 f6 28. Rxe7 Rxe7 29. Rxe7 Kxe7 30. c3 Kd6 31. Ke3 h6 32. g3 Kc6 33. h4 Bg4 34. Nd2 Kb5 35. Kd3 Bf5+ 36. Ke3 Ka4 37. Kf3 Bd3 38. Ke3 Bc2 39. Kf3 Kb5 40. Ke3 Ka4 41. Kf3 Ka5 42. Ke3 Kb5 43. Kf3 d4 44. cxd4 cxd4 45. Ke2 Kc5 46. Kf2 Kd5 47. Ke2 Bf5 48. Kf3 Bd3 49. Kf2 g5 50. hxg5 hxg5 51. Kf3 Bf5 52. Ke2 Bc2 53. Kf2 Bd1 54. fxg5 fxg5 55. Ke1 Bh5 56. Kf2 Bd1 57. Ke1 Bg4 58. Kf2 Bh5 59. Kg2 Bg6 60. Kf3 Bf5 61. Ke2 Bg4+ 62. Kf2 b5 63. Kf1 1/2-1/2

[Event "Uljanovsk Volga op"]
[Site "Uljanovsk"]
[Date "2016.01.07"]
[Round "5"]
[White "Nikonova, Irina"]
[Black "Golubchikov, Alexey"]
[Result "0-1"]
[WhiteElo "1883"]
[BlackElo "1828"]
[PlyCount "52"]
[EventDate "2016.01.05"]
[EventType "swiss"]
[EventRounds "9"]
[EventCountry "RUS"]
[SourceTitle "CBM 170 Extra"]
[Source "ChessBase"]
[SourceDate "2016.02.25"]
[SourceVersion "1"]
[SourceVersionDate "2016.02.25"]
[SourceQuality "1"]

1. d4 f5 2. e4 fxe4 3. Nc3 Nf6 4. Bg5 e6 5. Nxe4 Be7 6. Bxf6 Bxf6 7. Nf3 0-0 8. Bd3 Nc6 9. c3 b6 10. Qc2 Be7 11. Ng3 h6 12. h4 a5 13. 0-0-0 a4 14. Nh5 a3 15. b3 Bf6 16. Bh7+ Kh8 17. g4 Bb7 18. Rh3 Ne7 19. Be4 Bxe4 20. Qxe4 Nd5 21. g5 Qe8 22. Qg4 Qg6 23. Nh2 Be7 24. gxh6 Qxh6+ 25. Kb1 Rxf2 26. Nf1 Qh7+ 0-1

[Event "Uljanovsk Volga op"]
[Site "Uljanovsk"]
[Date "2016.01.05"]
[Round "2"]
[White "Triapkin, Pavel"]
[Black "Nikonova, Irina"]
[Result "1-0"]
[WhiteElo "2277"]
[BlackElo "1883"]
[PlyCount "89"]
[EventDate "2016.01.05"]
[EventType "swiss"]
[EventRounds "9"]
[EventCountry "RUS"]
[SourceTitle "CBM 170 Extra"]
[Source "ChessBase"]
[SourceDate "2016.02.25"]
[SourceVersion "1"]
[SourceVersionDate "2016.02.25"]
[SourceQuality "1"]

1. e4 c5 2. Nf3 e6 3. d4 cxd4 4. Nxd4 a6 5. Nc3 Qc7 6. Bd3 Nc6 7. Be3 Nf6 8. 0-0 h5 9. h3 Be7 10. Qe2 d6 11. Rad1 Bd7 12. Rfe1 Rc8 13. Nxc6 Bxc6 14. Bf4 e5 15. Bg5 Ng8 16. Qd2 Bxg5 17. Qxg5 Kf8 18. Bc4 Rh6 19. Bb3 Nf6 20. Qd2 Rd8 21. Re3 h4 22. Rf3 Rd7 23. Bd5 Nh5 24. Rf5 Re7 25. Qg5 Nf4 26. Rxf4 exf4 27. Qxf4 Re5 28. Rd3 g5 29. Qd2 Rf6 30. Qe2 Qe7 31. Re3 a5 32. Qc4 Qd7 33. f3 Qd8 34. Qd4 Rf4 35. Rd3 Ke7 36. Qa7 Kf8 37. Qd4 Ke7 38. a3 Qc7 39. Qa7 Kd7 40. Kh2 Rf6 41. Rd4 b6 42. Bxc6+ Kxc6 43. Rc4+ Rc5 44. Rxc5+ dxc5+ 45. Qxc7+ 1-0

[Event "Uljanovsk Povolje op"]
[Site "Uljanovsk"]
[Date "2014.08.31"]
[Round "9"]
[White "Beldyugin, Alexey"]
[Black "Nikonova, Irina"]
[Result "1-0"]
[WhiteElo "2070"]
[BlackElo "1892"]
[PlyCount "139"]
[EventDate "2014.08.26"]
[EventType "swiss"]
[EventRounds "9"]
[EventCountry "RUS"]
[SourceTitle "CBM 162 Extra"]
[Source "ChessBase"]
[SourceDate "2014.10.17"]
[SourceVersion "1"]
[SourceVersionDate "2014.10.17"]
[SourceQuality "1"]

1. d4 Nf6 2. Nf3 e6 3. g3 b6 4. Bg2 Bb7 5. 0-0 Be7 6. c4 0-0 7. Nc3 Ne4 8. Qc2 Nxc3 9. Qxc3 f5 10. d5 Bf6 11. Qd3 Na6 12. Rd1 Nc5 13. Qc2 Qe7 14. Rb1 a5 15. b3 Ne4 16. Bb2 Bxb2 17. Qxb2 exd5 18. cxd5 Qc5 19. e3 Qc3 20. Ne5 Rfe8 21. Bxe4 Qxe5 22. Bg2 Rac8 23. Rd4 c5 24. dxc6 Bxc6 25. Qd2 Rc7 26. Rd1 h6 27. Rd6 Kh8 28. Qd4 Qxd4 29. R1xd4 b5 30. a4 bxa4 31. bxa4 Rb8 32. Bxc6 Rb1+ 33. Rd1 Rxd1+ 34. Rxd1 dxc6 35. Rd8+ Kh7 36. Ra8 c5 37. Rxa5 c4 38. Rb5 c3 39. Rb1 c2 40. Rc1 Kg6 41. a5 Kf6 42. a6 g5 43. Kg2 Ke5 44. a7 Rxa7 45. Rxc2 Ra6 46. Rc8 Kf6 47. h3 g4 48. Rf8+ Kg6 49. hxg4 fxg4 50. Rf4 h5 51. Kf1 Ra1+ 52. Kg2 Re1 53. e4 Kg7 54. Rf5 Kg6 55. Re5 Kh6 56. Re6+ Kg7 57. f4 gxf3+ 58. Kxf3 Rf1+ 59. Ke3 h4 60. gxh4 Rh1 61. Kd4 Rxh4 62. Kd5 Kf7 63. Ra6 Ke7 64. e5 Kd7 65. Ra7+ Ke8 66. Kd6 Rb4 67. Ra8+ Kf7 68. e6+ Kf6 69. Rf8+ Kg7 70. e7 1-0

[Event "Uljanovsk Povolje op"]
[Site "Uljanovsk"]
[Date "2014.08.29"]
[Round "6"]
[White "Nikonova, Irina"]
[Black "Parshakov, Vladimir"]
[Result "0-1"]
[WhiteElo "1892"]
[BlackElo "1909"]
[PlyCount "130"]
[EventDate "2014.08.26"]
[EventType "swiss"]
[EventRounds "9"]
[EventCountry "RUS"]
[SourceTitle "CBM 162 Extra"]
[Source "ChessBase"]
[SourceDate "2014.10.17"]
[SourceVersion "1"]
[SourceVersionDate "2014.10.17"]
[SourceQuality "1"]

1. e4 c5 2. Nf3 e6 3. d4 cxd4 4. Nxd4 a6 5. Bc4 Nf6 6. Qe2 d5 7. exd5 Nxd5 8. 0-0 Be7 9. Rd1 0-0 10. Bb3 Qa5 11. c4 Nf6 12. Bf4 Bd7 13. Bc2 Nc6 14. Nb3 Qb6 15. c5 Bxc5 16. Nxc5 Qxc5 17. Bd6 Nd4 18. Bxc5 Nxe2+ 19. Kf1 Rfc8 20. Kxe2 Rxc5 21. Nc3 Bb5+ 22. Bd3 Bxd3+ 23. Rxd3 Kf8 24. Rad1 Ke7 25. Rg3 g6 26. Rf3 Re5+ 27. Kf1 Rc8 28. Rfd3 Rc7 29. Rd4 Rd7 30. Rb4 Rxd1+ 31. Nxd1 b5 32. Ne3 Rc5 33. Ke2 Nd7 34. Rb3 e5 35. Ra3 Rc6 36. Nd5+ Kd8 37. Nb4 Rc5 38. Nxa6 Rc2+ 39. Ke3 Rxb2 40. Rd3 Ke7 41. a3 f5 42. h4 Nf6 43. Rd2 Rb3+ 44. Ke2 Rxa3 45. Nb4 f4 46. Nd5+ Kf7 47. Nxf6 Kxf6 48. h5 gxh5 49. Rb2 Ra5 50. g3 Kf5 51. gxf4 Kxf4 52. f3 Kg3 53. Ke3 h4 54. Rb4 Ra3+ 55. Ke2 Rxf3 56. Rxb5 Rf5 57. Rb7 h6 58. Rg7+ Rg5 59. Rh7 Kg2 60. Rf7 h3 61. Rf2+ Kg3 62. Rf3+ Kg4 63. Rf1 h2 64. Ra1 Rh5 65. Rh1 Kg3 0-1

[Event "Uljanovsk Volga op"]
[Site "Uljanovsk"]
[Date "2014.01.06"]
[Round "8"]
[White "Nikonova, Irina"]
[Black "Sinicin, Vladimir"]
[Result "1-0"]
[WhiteElo "1924"]
[BlackElo "1675"]
[PlyCount "73"]
[EventDate "2014.01.03"]
[EventType "swiss"]
[EventRounds "9"]
[EventCountry "RUS"]
[SourceTitle "CBM 158 Extra"]
[Source "ChessBase"]
[SourceDate "2014.02.28"]
[SourceVersion "1"]
[SourceVersionDate "2014.02.28"]
[SourceQuality "1"]

1. d4 d5 2. e3 e6 3. Bd3 c5 4. c3 Nc6 5. f4 Nf6 6. Qf3 Be7 7. Nd2 cxd4 8. exd4 Bd7 9. b3 0-0 10. Nh3 Ne8 11. 0-0 f5 12. Bb2 Nd6 13. Qe2 Ne4 14. Bxe4 dxe4 15. Nc4 Qe8 16. Ne3 Nd8 17. a4 a5 18. c4 Bf6 19. Rad1 Nc6 20. d5 Nb4 21. Ba3 Rf7 22. Bxb4 axb4 23. dxe6 Bxe6 24. Rd6 Rd8 25. Rfd1 Rfd7 26. Rxd7 Rxd7 27. Nd5 Qd8 28. Nxf6+ gxf6 29. Rxd7 Qxd7 30. Kf2 Qd4+ 31. Ke1 Qc3+ 32. Qd2 Qxb3 33. Qd8+ Kg7 34. Ng5 Qe3+ 35. Kd1 Qd3+ 36. Qxd3 exd3 37. Nxe6+ 1-0

[Event "Uljanovsk Volga op"]
[Site "Uljanovsk"]
[Date "2014.01.05"]
[Round "5"]
[White "Shukurov, Eldar"]
[Black "Nikonova, Irina"]
[Result "1/2-1/2"]
[WhiteElo "1797"]
[BlackElo "1924"]
[PlyCount "142"]
[EventDate "2014.01.03"]
[EventType "swiss"]
[EventRounds "9"]
[EventCountry "RUS"]
[SourceTitle "CBM 158 Extra"]
[Source "ChessBase"]
[SourceDate "2014.02.28"]
[SourceVersion "1"]
[SourceVersionDate "2014.02.28"]
[SourceQuality "1"]

1. d4 d6 2. e4 Nf6 3. Nc3 c6 4. Nf3 Bg4 5. Be2 e6 6. h3 Bxf3 7. Bxf3 Be7 8. 0-0 0-0 9. d5 cxd5 10. exd5 e5 11. Qd3 Na6 12. Ne4 Nd7 13. g4 Nac5 14. Qe2 Nxe4 15. Bxe4 Nc5 16. Kh2 Bg5 17. b4 Nxe4 18. Qxe4 Bxc1 19. Raxc1 Qg5 20. Qe3 Qg6 21. f4 exf4 22. Rxf4 Rfe8 23. Qf2 Qg5 24. Rf1 Qe5 25. Kg1 f6 26. c4 Qc3 27. h4 Re3 28. g5 Rg3+ 29. Kh2 Rh3+ 30. Kg2 Re8 31. Rg4 Qd3 32. Rd4 Re2 33. Rxd3 Rxf2+ 34. Kxf2 Rxd3 35. gxf6 Rd4 36. fxg7 Rxc4 37. Ke3 Rxb4 38. Rf6 Rb6 39. Kf4 Kxg7 40. Kf5 Rb2 41. Rxd6 Rf2+ 42. Kg5 Rf7 43. Re6 Rd7 44. d6 Kf7 45. Kf5 b5 46. Ke5 a5 47. Rf6+ Ke8 48. Ke6 Rg7 49. Rf5 Rg6+ 50. Kd5 Rg1 51. Kc5 b4 52. Re5+ Kd8 53. Re7 h5 54. Rh7 Rg2 55. Rxh5 Rxa2 56. Rh8+ Kd7 57. Rh7+ Kd8 58. h5 b3 59. h6 Rc2+ 60. Kd4 Rd2+ 61. Kc3 Rxd6 62. Rh8+ Kc7 63. h7 Rb6 64. Rf8 b2 65. h8Q b1Q 66. Qg7+ Kc6 67. Rf6+ Kb5 68. Qd7+ Ka6 69. Qc8+ Ka7 70. Qc7+ Ka6 71. Qc8+ Ka7 1/2-1/2

[Event "Uljanovsk Volga op"]
[Site "Uljanovsk"]
[Date "2014.01.04"]
[Round "3"]
[White "Kharlampiev, Aleksander"]
[Black "Nikonova, Irina"]
[Result "0-1"]
[WhiteElo "1748"]
[BlackElo "1924"]
[PlyCount "60"]
[EventDate "2014.01.03"]
[EventType "swiss"]
[EventRounds "9"]
[EventCountry "RUS"]
[SourceTitle "CBM 158 Extra"]
[Source "ChessBase"]
[SourceDate "2014.02.28"]
[SourceVersion "1"]
[SourceVersionDate "2014.02.28"]
[SourceQuality "1"]

1. e4 c5 2. Nf3 e6 3. Nc3 a6 4. d3 Nc6 5. Bf4 d6 6. Qd2 Be7 7. Be2 Bf6 8. 0-0 Nge7 9. Bg5 Ng6 10. Bxf6 Qxf6 11. Ne1 Nf4 12. g3 Nxe2+ 13. Qxe2 Nd4 14. Qe3 Bd7 15. f4 Qe7 16. f5 Bc6 17. b4 exf5 18. bxc5 dxc5 19. Rc1 0-0 20. Nf3 Rad8 21. Nh4 fxe4 22. Ne2 Nxe2+ 23. Qxe2 Qe5 24. Nf5 g6 25. Qg4 Kh8 26. Nh6 f5 27. Qg5 Qd4+ 28. Rf2 exd3 29. h4 dxc2 30. Kh2 Qxf2+ 0-1

[Event "Uljanovsk Povolje op"]
[Site "Uljanovsk"]
[Date "2013.08.29"]
[Round "9"]
[White "Peruhin, Anatoliy"]
[Black "Nikonova, Irina"]
[Result "0-1"]
[WhiteElo "1603"]
[BlackElo "1939"]
[PlyCount "31"]
[EventDate "2013.08.24"]
[EventType "swiss"]
[EventRounds "9"]
[EventCountry "RUS"]
[SourceTitle "CBM 156 Extra"]
[Source "ChessBase"]
[SourceDate "2013.10.22"]
[SourceVersion "1"]
[SourceVersionDate "2013.10.22"]
[SourceQuality "1"]

1. e4 c5 2. Nf3 e6 3. b3 d6 4. Bb2 Nf6 5. d3 Be7 6. g3 Nc6 7. Bg2 0-0 8. e5 dxe5 9. Nxe5 Nxe5 10. Bxe5 Nd7 11. Bb2 Bf6 12. Qc1 Qa5+ 13. Nd2 Rb8 14. Bxf6 Nxf6 15. 0-0 Qc3 16. Rb1 0-1

[Event "Uljanovsk Povolje op"]
[Site "Uljanovsk"]
[Date "2013.08.25"]
[Round "3"]
[White "Dobrocmyslov, Artem"]
[Black "Nikonova, Irina"]
[Result "1/2-1/2"]
[WhiteElo "1837"]
[BlackElo "1939"]
[PlyCount "135"]
[EventDate "2013.08.24"]
[EventType "swiss"]
[EventRounds "9"]
[EventCountry "RUS"]
[SourceTitle "CBM 156 Extra"]
[Source "ChessBase"]
[SourceDate "2013.10.22"]
[SourceVersion "1"]
[SourceVersionDate "2013.10.22"]
[SourceQuality "1"]

1. d4 Nf6 2. Nc3 d5 3. Bg5 Nbd7 4. Nf3 h6 5. Bxf6 Nxf6 6. e3 Bg4 7. h3 Bxf3 8. Qxf3 e6 9. Bd3 Bb4 10. 0-0 0-0 11. Ne2 Qd6 12. c4 c6 13. Qg3 dxc4 14. Qxd6 Bxd6 15. Bxc4 e5 16. Rfd1 Rad8 17. Nc3 exd4 18. Rxd4 Be5 19. Rxd8 Rxd8 20. Rd1 Rxd1+ 21. Nxd1 Ne4 22. f3 Nd6 23. Bd3 c5 24. Kf2 c4 25. Bc2 Kf8 26. Ke2 Ke8 27. f4 Bf6 28. e4 Bd4 29. e5 Nc8 30. Be4 Nb6 31. Bxb7 Kd7 32. Kf3 Kc7 33. Ba6 Kc6 34. Ke4 Kc5 35. b4+ cxb3 36. axb3 Ba1 37. Ne3 f6 38. e6 Kd6 39. Nf5+ Kxe6 40. Nxg7+ Kf7 41. Nf5 Kg6 42. Ne7+ Kf7 43. Nc6 Nd7 44. Bc4+ Kg7 45. Nxa7 Nb6 46. Nc6 Bb2 47. Ne7 Ba3 48. Nf5+ Kg6 49. g4 h5 50. gxh5+ Kh7 51. Bf7 Nd7 52. Bg6+ Kh8 53. Nh6 Kg7 54. Ng4 Nc5+ 55. Kf5 Nxb3 56. h6+ Kh8 57. Kxf6 Bb2+ 58. Kg5 Nd4 59. Ne5 Ne6+ 60. Kf5 Bxe5 61. fxe5 Nd4+ 62. Kf6 Kg8 63. h7+ Kh8 64. h4 Nb5 65. e6 Nc7 66. e7 Nd5+ 67. Ke6 Nxe7 68. Kxe7 1/2-1/2

[Event "Uljanovsk Povolje op"]
[Site "Uljanovsk"]
[Date "2013.08.25"]
[Round "2"]
[White "Nikonova, Irina"]
[Black "Alavkin, Arseny Nailievich"]
[Result "0-1"]
[WhiteElo "1939"]
[BlackElo "2406"]
[PlyCount "76"]
[EventDate "2013.08.24"]
[EventType "swiss"]
[EventRounds "9"]
[EventCountry "RUS"]
[SourceTitle "CBM 156 Extra"]
[Source "ChessBase"]
[SourceDate "2013.10.22"]
[SourceVersion "1"]
[SourceVersionDate "2013.10.22"]
[SourceQuality "1"]

1. e4 c5 2. Nf3 e6 3. d4 cxd4 4. Nxd4 Nc6 5. g3 Nf6 6. Bg2 Qb6 7. Nb3 Bb4+ 8. Bd2 d5 9. Nc3 0-0 10. 0-0 Bxc3 11. Bxc3 Nxe4 12. Bxe4 dxe4 13. Qg4 e5 14. Qxe4 Bh3 15. Rfe1 Rad8 16. Rad1 f6 17. Qc4+ Kh8 18. Rd2 Bf5 19. Ree2 Rc8 20. Qa4 h6 21. Kg2 Qc7 22. Nc5 Qf7 23. f3 Rfd8 24. Ne4 Qe6 25. Nc5 Bh3+ 26. Kg1 Qe7 27. Ne4 Be6 28. Kg2 Bd5 29. Re1 f5 30. Red1 fxe4 31. Rxd5 exf3+ 32. Kf2 Rxd5 33. Rxd5 e4 34. Bd2 Ne5 35. h3 Qe6 36. Qxe4 Ng4+ 37. Kxf3 Qxe4+ 38. Kxe4 Nf6+ 0-1

[Event "Uljanovsk Sidorov Memorial"]
[Site "Uljanovsk"]
[Date "2013.07.11"]
[Round "1"]
[White "Nikonova, Irina"]
[Black "Pegov, Valery"]
[Result "1-0"]
[WhiteElo "1971"]
[BlackElo "1659"]
[PlyCount "51"]
[EventDate "2013.07.11"]
[EventType "swiss"]
[EventRounds "9"]
[EventCountry "RUS"]
[SourceTitle "EXT 2014"]
[Source "ChessBase"]
[SourceDate "2013.11.20"]
[SourceVersion "1"]
[SourceVersionDate "2013.11.20"]
[SourceQuality "1"]

1. e4 e5 2. Bc4 Nc6 3. c3 Nf6 4. d3 Bc5 5. Nf3 d6 6. Nbd2 Bd7 7. 0-0 Na5 8. Bxf7+ Kxf7 9. b4 Bxf2+ 10. Rxf2 Nc6 11. Qb3+ Ke7 12. Nc4 a6 13. Ne3 Be6 14. Nd5+ Kd7 15. Ng5 Bg8 16. c4 Nd4 17. Qd1 h6 18. Nf3 Ng4 19. Rf1 Nxf3+ 20. Qxf3 Be6 21. h3 Bxd5 22. Qxg4+ Be6 23. Rf7+ Qe7 24. Rxe7+ Kxe7 25. Qxg7+ Bf7 26. Bxh6 1-0

[Event "Uljanovsk Povolje op"]
[Site "Uljanovsk"]
[Date "2011.08.30"]
[Round "9"]
[White "Makarenko, Vladimir2222"]
[Black "Nikonova, Irina"]
[Result "0-1"]
[WhiteElo "1953"]
[BlackElo "2007"]
[PlyCount "64"]
[EventDate "2011.08.25"]
[EventType "swiss"]
[EventRounds "9"]
[EventCountry "RUS"]
[SourceTitle "CBM 144 Extra"]
[Source "ChessBase"]
[SourceDate "2011.10.28"]
[SourceVersion "1"]
[SourceVersionDate "2011.10.28"]
[SourceQuality "1"]

1. e4 e6 2. Qe2 c5 3. Nf3 d6 4. g3 Nc6 5. Bg2 Be7 6. 0-0 Nf6 7. c3 0-0 8. d4 e5 9. d5 Nb8 10. Bg5 Nxd5 11. Bxe7 Nxe7 12. Rd1 Bg4 13. Qd3 Nbc6 14. Na3 Nc8 15. Nc4 Qc7 16. Nxd6 Nxd6 17. Qxd6 Qb6 18. Qd2 Rad8 19. Qc2 f6 20. b3 Qc7 21. h3 Be6 22. Kh2 c4 23. Bf1 Na5 24. b4 Nc6 25. a4 Ne7 26. Rxd8 Rxd8 27. Rd1 Nc8 28. Rxd8+ Qxd8 29. Nd2 Nd6 30. Qd1 Nxe4 31. Qf3 Nxd2 32. Qxb7 Nxf1+ 0-1

[Event "Uljanovsk Povolje op"]
[Site "Uljanovsk"]
[Date "2011.08.28"]
[Round "6"]
[White "Zhuzhukin, Nikita"]
[Black "Nikonova, Irina"]
[Result "1-0"]
[WhiteElo "2027"]
[BlackElo "2007"]
[PlyCount "87"]
[EventDate "2011.08.25"]
[EventType "swiss"]
[EventRounds "9"]
[EventCountry "RUS"]
[SourceTitle "CBM 144 Extra"]
[Source "ChessBase"]
[SourceDate "2011.10.28"]
[SourceVersion "1"]
[SourceVersionDate "2011.10.28"]
[SourceQuality "1"]

1. c4 f5 2. Nc3 Nf6 3. g3 g6 4. Bg2 Bg7 5. d3 Nc6 6. e4 d6 7. Nge2 0-0 8. 0-0 fxe4 9. dxe4 e5 10. h3 Be6 11. b3 Qd7 12. Kh2 Nh5 13. Be3 b6 14. Qd2 Rae8 15. Nd5 Ne7 16. a4 a5 17. Nec3 Nc6 18. Nb5 Bxd5 19. cxd5 Nb4 20. Rac1 Na6 21. Rc6 Qd8 22. Nxc7 Nxc7 23. Bxb6 Qb8 24. Bxc7 Qxb3 25. Bxd6 Qxa4 26. Bxf8 Rxf8 27. Rc5 Qb3 28. Rxa5 h6 29. d6 Kh7 30. d7 Bf6 31. Qd6 Qf7 32. Ra7 Rd8 33. f4 exf4 34. gxf4 Be7 35. Qd2 Qf8 36. e5 Ng7 37. Be4 Nf5 38. Qd3 Bc5 39. Rc7 Bb6 40. Rc6 Rb8 41. Bxf5 gxf5 42. Rxb6 Rxb6 43. d8Q Rb2+ 44. Kh1 1-0

[Event "Uljanovsk Volga op"]
[Site "Uljanovsk"]
[Date "2011.01.04"]
[Round "4"]
[White "Konopkin, Alexey"]
[Black "Nikonova, Irina"]
[Result "0-1"]
[WhiteElo "1958"]
[BlackElo "1986"]
[PlyCount "142"]
[EventDate "2011.01.03"]
[EventType "swiss"]
[EventRounds "9"]
[EventCountry "RUS"]
[SourceTitle "CBM 140 Extra"]
[Source "ChessBase"]
[SourceDate "2011.03.01"]
[SourceVersion "1"]
[SourceVersionDate "2011.03.01"]
[SourceQuality "1"]

1. d4 Nf6 2. c4 e6 3. Nc3 Bb4 4. e3 b6 5. Nge2 Bb7 6. a3 Be7 7. Nf4 d6 8. Bd3 Nbd7 9. Bd2 c5 10. d5 Ne5 11. Be2 exd5 12. Nfxd5 Nxd5 13. cxd5 0-0 14. 0-0 f5 15. f4 Nd7 16. Qc2 Qe8 17. Rad1 Qf7 18. Bf3 Ba6 19. Rfe1 b5 20. Be2 c4 21. b4 Bb7 22. Bc1 a6 23. a4 Bf6 24. Bb2 Bxc3 25. Qxc3 Nf6 26. Bf3 Rfe8 27. Qd4 Qc7 28. Re2 Bc8 29. a5 Re7 30. h3 Ne4 31. Kh2 Qa7 32. Bxe4 Rxe4 33. Qc3 Qf7 34. Red2 Bd7 35. Rf2 Rae8 36. Rf3 R8e7 37. Rg3 Qf8 38. h4 Be8 39. Rf1 h6 40. Rff3 Bh5 41. Rf1 Bg4 42. Kg1 Qf7 43. Qd2 Qh5 44. Bd4 Qxh4 45. Qf2 Qh5 46. Qd2 Rd7 47. Qf2 Qg6 48. Qc2 h5 49. Kf2 h4 50. Rxg4 Qxg4 51. Rh1 Rxd4 52. exd4 Qxf4+ 53. Kg1 Qxd4+ 54. Qf2 Qxf2+ 55. Kxf2 g5 56. Re1 Kf7 57. Re6 c3 58. Re2 Rc7 59. Rc2 Kf6 60. Ke1 Ke5 61. Kd1 Kxd5 62. Rf2 f4 63. Re2 Kc4 64. Re4+ Kb3 65. Kc1 Rc4 66. Re6 Rxb4 67. Rxd6 Ra4 68. Kd1 Ra1+ 69. Ke2 c2 70. Rd3+ Kb2 71. Rd2 Kb1 0-1